Naruto/Boruto tous les morts - Statistiques

Statistiques générales
  • Ce quiz a été pris 153 fois
  • Le résultat moyen est 30 sur 102
Statistiques - réponses
Answe % Correct
a(1er raikage)
100%
a(2eme raikage)
100%
hiruzen
82%
itachi
78%
obito
78%
a(3eme raikage)
77%
minato
77%
hashirama
74%
madara
73%
neji
71%
tobirama
71%
deidara
70%
jiraya
70%
sasori
69%
hidan
66%
nagato
66%
kakuzu
64%
asuma
60%
konan
60%
zabuza
59%
kushina
58%
haku
57%
kisame
55%
dan
53%
rin
52%
chiyo
50%
yahiko
47%
danzo
44%
shikaku
43%
shisui
40%
fugaku
37%
han
36%
kimimaro
33%
inoichi
32%
kin
32%
tayuya
29%
hanzo
28%
jirobo
26%
yagura
26%
hagoromo
25%
kidomaru
23%
sakon
23%
ukon
23%
utakata
23%
indra
22%
zetsu noir
22%
fuu
21%
nawaki
21%
sakumo
21%
zetsu blanc
21%
shin
20%
yugito
20%
hayate
19%
izuna
19%
mikoto
19%
mangetsu
18%
asura
17%
dai
17%
gengetsu
17%
mito
17%
rasa
17%
roshi
17%
dosu
15%
ginkaku
15%
torune
14%
hamura
13%
isshiki
13%
kinkaku
13%
zaku
13%
kinshiki
12%
jigen
11%
muu
11%
boro
10%
juzo
10%
pakura
10%
gari
8%
ameyuri
7%
byakuren
7%
kagami
7%
urashiki
7%
fuguki
6%
jinin
6%
jinpachi
6%
kagura
6%
kushimaru
5%
mabui
5%
butsuma
4%
victor
4%
biwako
3%
chiriku
3%
deepa
3%
isshikawa
3%
karura
3%
reto
3%
shamon
3%
tajima
3%
yashamaru
3%
oonoki
2%
akebi
0%
garou
0%
Aucun quiz correspondant
Distribution des résultats
% des personnes avec chaque résultat
Percentile par nombre de réponses
Votre historique - résultats
Vous n’avez pas pris ce quiz